| 000 | 00637nam a22001937a 4500 | ||
|---|---|---|---|
| 005 | 20230920120651.0 | ||
| 010 | _aENG-138144 | ||
| 020 |
_a9789392311031 _c523.00 |
||
| 035 | _aEN-121676 | ||
| 037 | _bDBAD/PUB | ||
| 082 | _a621.402 | ||
| 100 |
_aRaghavulu, K. Veera _957074 |
||
| 245 |
_aThermal Engineering-I/ _cBy K. Veera Raghavulu and U. Sudhakar |
||
| 260 |
_aHyderabad _bM/s SunRaise International Publishers _c2023 |
||
| 270 |
_a7-1-277/242, 5th Floor, Near BK Guda Park, S R Nagar _bHyderabad _e500038 |
||
| 300 |
_axvi, 296 _c25cm(pbk) |
||
| 700 |
_aSudhakar, U. _956902 |
||
| 942 |
_2ddc _cEN _h621.402 _mRAG |
||
| 999 |
_c198355 _d198355 |
||